La metamorfosis y el evento ¿Cómo pensar sin fin? /

El evento final, Absoluto hegeliano o Ereignis heideggeriano, es el nodo de las ontologías modernas, una herencia del evento mesiánico o escatológico. El que las ontologías modernas de la finitud son ontologías eventuales por excelencia es la hipótesis de este texto. Pero pensar la metamorfosis quie...

Full description

Saved in:
Bibliographic Details
Main Author: Manchev, Boyan
Format: Text
Subjects:
Tags: Add Tag
No Tags, Be the first to tag this record!

MARC

LEADER 00000 a a2200000 04500
001 41528
003
040
100 |a Manchev, Boyan  
245 |a La metamorfosis y el evento   |b ¿Cómo pensar sin fin? /  |c Boyan Manchev  
520 |a El evento final, Absoluto hegeliano o Ereignis heideggeriano, es el nodo de las ontologías modernas, una herencia del evento mesiánico o escatológico. El que las ontologías modernas de la finitud son ontologías eventuales por excelencia es la hipótesis de este texto. Pero pensar la metamorfosis quiere decir en principio pensar el mundo: transformarlo. Si el evento deviene inmanente al mundo, es precisamente como metamorfosis del mundo: no la metamorfosis que sobrepasa el mundo para plantearlo/anularlo sino la metamorfosis que es su exceso inmanente.  
590 |a EFU/DICIEMBRE2011  
650 |a 1.FILOSOFIA  
650 |a 2.TEORIA  
650 |a 3.HUMANISMO  
650 |a 4.IDEOLOGIAS  
773 |g 11.( enero-junio, 2009), páginas 67-81  
999 |c 34213  |d 34213